Statistics for World Capitals - 30 Second Sprint

Click here to take the quiz!

General Stats

  • This quiz has been taken 24 times
  • The average score is 14 of 196

Answer Stats

countrycapital% Correct
FranceParis
59%
AustriaVienna
59%
United KingdomLondon
55%
AlbaniaTirana
50%
BelarusMinsk
45%
GermanyBerlin
41%
ItalyRome
41%
United StatesWashington
41%
AndorraAndorra la Vella
32%
RussiaMoscow
32%
BrazilBrasília
27%
IrelandDublin
27%
SpainMadrid
27%
NorwayOslo
27%
JapanTokyo
27%
GreeceAthens
23%
AustraliaCanberra
23%
AfghanistanKabul
23%
MexicoMexico City
23%
CanadaOttawa
23%
BulgariaSofia
23%
BelgiumBrussels
18%
PortugalLisbon
18%
ArmeniaYerevan
18%
TurkeyAnkara
14%
AzerbaijanBaku
14%
SwitzerlandBern
14%
DenmarkCopenhagen
14%
FinlandHelsinki
14%
UkraineKyiv
14%
CzechiaPrague
14%
YemenSana'a
14%
Bosnia and
Herzegovina
Sarajevo
14%
MaltaValletta
14%
NigeriaAbuja
9%
GhanaAccra
9%
AlgeriaAlgiers
9%
JordanAmman
9%
ParaguayAsunción
9%
ChinaBeijing
9%
RomaniaBucharest
9%
HungaryBudapest
9%
SenegalDakar
9%
BangladeshDhaka
9%
GuatemalaGuatemala City
9%
VietnamHanoi
9%
PeruLima
9%
NicaraguaManagua
9%
UruguayMontevideo
9%
OmanMuscat
9%
BahamasNassau
9%
IndiaNew Delhi
9%
PanamaPanama City
9%
CambodiaPhnom Penh
9%
MoroccoRabat
9%
LatviaRiga
9%
ChileSantiago
9%
SwedenStockholm
9%
FijiSuva
9%
EstoniaTallinn
9%
LithuaniaVilnius
9%
PolandWarsaw
9%
CroatiaZagreb
9%
EthiopiaAddis Ababa
5%
NetherlandsAmsterdam
5%
SamoaApia
5%
ThailandBangkok
5%
SerbiaBelgrade
5%
ColombiaBogotá
5%
ArgentinaBuenos Aires
5%
EgyptCairo
5%
Timor-LesteDili
5%
GuyanaGeorgetown
5%
CubaHavana
5%
IndonesiaJakarta
5%
South SudanJuba
5%
MaldivesMalé
5%
BahrainManama
5%
MozambiqueMaputo
5%
LesothoMaseru
5%
EswatiniMbabane
5%
MonacoMonaco
5%
ComorosMoroni
5%
PalauNgerulmud
5%
CyprusNicosia
5%
MauritiusPort Louis
5%
VanuatuPort Vila
5%
EcuadorQuito
5%
IcelandReykjavík
5%
Saudi ArabiaRiyadh
5%
El SalvadorSan Salvador
5%
Dominican RepublicSanto Domingo
5%
South KoreaSeoul
5%
SingaporeSingapore
5%
North MacedoniaSkopje
5%
TaiwanTaipei
5%
IranTehran
5%
BhutanThimphu
5%
LiechtensteinVaduz
5%
Vatican CityVatican City
5%
New ZealandWellington
5%
Côte d'IvoireYamoussoukro
5%
NauruYaren
5%
United Arab EmiratesAbu Dhabi
0%
MadagascarAntananarivo
0%
TurkmenistanAshgabat
0%
EritreaAsmara
0%
KazakhstanAstana
0%
IraqBaghdad
0%
MaliBamako
0%
BruneiBandar Seri
Begawan
0%
Central African RepublicBangui
0%
GambiaBanjul
0%
Saint Kitts and NevisBasseterre
0%
LebanonBeirut
0%
BelizeBelmopan
0%
KyrgyzstanBishkek
0%
Guinea-BissauBissau
0%
SlovakiaBratislava
0%
Republic of the CongoBrazzaville
0%
BarbadosBridgetown
0%
VenezuelaCaracas
0%
Saint LuciaCastries
0%
MoldovaChișinău
0%
Sri LankaColombo
0%
GuineaConakry
0%
SyriaDamascus
0%
DjiboutiDjibouti
0%
TanzaniaDodoma
0%
QatarDoha
0%
TajikistanDushanbe
0%
Sierra LeoneFreetown
0%
TuvaluFunafuti
0%
BotswanaGaborone
0%
BurundiGitega
0%
ZimbabweHarare
0%
Solomon IslandsHoniara
0%
PakistanIslamabad
0%
IsraelJerusalem
0%
UgandaKampala
0%
NepalKathmandu
0%
SudanKhartoum
0%
RwandaKigali
0%
JamaicaKingston
0%
Saint Vincent and the
Grenadines
Kingstown
0%
Democratic Republic
of the Congo
Kinshasa
0%
MalaysiaKuala Lumpur
0%
KuwaitKuwait City
0%
BoliviaLa Paz
Sucre
0%
GabonLibreville
0%
MalawiLilongwe
0%
SloveniaLjubljana
0%
TogoLomé
0%
AngolaLuanda
0%
ZambiaLusaka
0%
LuxembourgLuxembourg
0%
Marshall IslandsMajuro
0%
Equatorial GuineaMalabo
0%
PhilippinesManila
0%
SomaliaMogadishu
0%
LiberiaMonrovia
0%
KenyaNairobi
0%
MyanmarNaypyidaw
0%
ChadN'Djamena
0%
NigerNiamey
0%
MauritaniaNouakchott
0%
TongaNukuʻalofa
0%
Burkina FasoOuagadougou
0%
MicronesiaPalikir
0%
SurinameParamaribo
0%
MontenegroPodgorica
0%
HaitiPort-au-Prince
0%
Papua New GuineaPort Moresby
0%
Trinidad and TobagoPort-of-Spain
0%
BeninPorto-Novo
Cotonou
0%
Cabo VerdePraia
0%
South AfricaPretoria
Cape Town
Bloemfontein
0%
KosovoPristina
0%
North KoreaPyongyang
0%
DominicaRoseau
0%
GrenadaSaint George's
0%
Antigua and BarbudaSaint John's
0%
Costa RicaSan José
0%
San MarinoSan Marino
0%
São Tomé and PríncipeSão Tomé
0%
KiribatiSouth Tarawa
0%
UzbekistanTashkent
0%
GeorgiaTbilisi
0%
HondurasTegucigalpa
0%
LibyaTripoli
0%
TunisiaTunis
0%
MongoliaUlaanbaatar
0%
SeychellesVictoria
0%
LaosVientiane
0%
NamibiaWindhoek
0%
CameroonYaoundé
0%

Score Distribution

Percentile by Number Answered

Percent of People with Each Score

Your Score History

You have not taken this quiz